<?xml version="1.0" encoding="UTF-8"?>
<marc:record xmlns:marc="http://www.loc.gov/MARC21/slim">
   <marc:leader>00000nam a2200000 a 4500</marc:leader>
   <marc:datafield ind1="1" ind2=" " tag="100">
      <marc:subfield code="a">Brandauer, Klaus Maria, Gedeck, Martina</marc:subfield>
   </marc:datafield>
   <marc:datafield ind1="0" ind2="0" tag="245">
      <marc:subfield code="a">Die Auslöschung</marc:subfield>
   </marc:datafield>
   <marc:datafield ind1=" " ind2="1" tag="264">
      <marc:subfield code="b">MCP Sound &amp; Media</marc:subfield>
      <marc:subfield code="c">2012</marc:subfield>
   </marc:datafield>
   <marc:datafield ind1="1" ind2=" " tag="490">
      <marc:subfield code="a">2</marc:subfield>
      <marc:subfield code="v">417</marc:subfield>
   </marc:datafield>
   <marc:datafield ind1="1" ind2=" " tag="520">
      <marc:subfield code="a">Als Judith Fuhrmann den Kunsthistoriker Ernst Lemden kennenlernt, erobert der scharfsinnige Intellektuelle ihr Herz mit Witz und Wortgewandtheit im Sturm. Zunächst scheint alles perekt. Kurze Zeit später ziehen beide zusammen und planen ein gemeinsames Leben. Doch Ernst verändert sich zunehmend. Er zieht sich immer mehr in sich zurück und wirkt zerstreut. Ernst lässt sich untersuchen, die Diagnose ist niederschmetternd: Alzheimer...</marc:subfield>
   </marc:datafield>
   <marc:datafield ind1=" " ind2=" " tag="020">
      <marc:subfield code="a">9002986633372</marc:subfield>
      <marc:subfield code="9">9002986633372</marc:subfield>
   </marc:datafield>
   <marc:datafield ind1="0" ind2=" " tag="490">
      <marc:subfield code="v">0</marc:subfield>
   </marc:datafield>
   <marc:datafield ind1=" " ind2=" " tag="300">
      <marc:subfield code="a">88 Min.</marc:subfield>
   </marc:datafield>
</marc:record>
